El mundo moderno /
Guardado en:
| Autor Principal: | |
|---|---|
| Formato: | Libro |
| Publicado: |
Buenos Aires :
Docencia,
1997
|
| Materias: | |
| Etiquetas: |
Agregar Etiqueta
Sin Etiquetas, Sea el primero en etiquetar este registro!
|
| LEADER | 00934nam a22002295a 4500 | ||
|---|---|---|---|
| 001 | CEM.cems012210 | ||
| 005 | 20060830205100.0 | ||
| 008 | 130507s1997##################000#0#####d | ||
| 003 | CEMS | ||
| 020 | |a 9509293881 | ||
| 082 | 0 | 4 | |a 940.2 |
| 100 | 1 | |a Hernández Sánchez, Fernando | |
| 245 | 1 | 0 | |a El mundo moderno / |c Fernando Hernández Sánchez |
| 260 | |a Buenos Aires : |b Docencia, |c 1997 | ||
| 300 | |a 290 p. | ||
| 505 | 0 | |a El Renacimiento -- E legado en la Edad Media -- El Humanismo y el Renacimiento -- La reforma religiosa -- Estado moderno y expansión marítima -- La hegemonía española -- El Barroco -- La hegemonía francesa -- El arte barroco -- De la Ilustración a la crisis del siglo XX -- Las revoluciones -- El positivismo | |
| 653 | |a Historia europea | ||
| 653 | |a Renacimiento | ||
| 653 | |a Barroco | ||
| 653 | |a Ilustración | ||
| 653 | |a Positivismo | ||
| 859 | |a CEMS |b BIB. CEMS - 11 de abril |h 940.2 |i H431 |p 23151.05 |t Ej.1 | ||
